Jump Lyrics - Statistics

General Stats
  • This quiz has been taken 42 times
  • The average score is 27 of 36
Answer Stats
Lyrics % Correct
And nothin' gets me {down}
97%
I {get} {up}
88%
Ah, might as well {jump} ({jump})
82%
Ah, might as well {jump} ({jump})
82%
Get it in, {jump} ({jump})
82%
Go ahead and {jump}
82%
Go ahead and {jump}
82%
Go ahead and {jump}
82%
Go ahead and {jump}
82%
Go ahead and {jump}
82%
Go ahead and {jump} ({jump})
82%
{Jump}
82%
{Jump}
82%
{Jump}
82%
{Jump}
82%
{Jump}
82%
Might as well {jump}
82%
Might as well {jump} ({jump})
82%
Might as well {jump} ({jump})
82%
Ah, can't you see me {standin'} here
79%
So can't ya see me {standing} here
79%
You got to roll with the {punches} and get to what's real
76%
And I know, {baby}, just how you feel
74%
Ah, can't you see {what} {I} {mean}?
71%
Ah, can't you see {what} {I} {mean}?
71%
I've seen the toughest {around}
71%
You got it {tough},
71%
I ain't the {worst} that you've seen
62%
I ain't the {worst} that you've seen
62%
I got my back against the {record} {machine}
62%
I got my back against the {record} {machine}
62%
Who {said} that?
59%
Ow, oh, hey, {you}
50%
You say you {don't} {know}
50%
Baby, how you {been}?
47%
You won't know until you {begin}
38%
No matching quizzes found
Score Distribution
Percent of People with Each Score
Percentile by Number Answered
Your Score History
You have not taken this quiz